Luật tố tụng hành chính luật tổ chức cơ quan điều tra hình sự, luật thi hành tạm giữ, tạm giam Đã được thông qua tại kỳ họp thứ 10, Quốc hội khóa XIII

Uloženo v:
Podrobná bibliografie
Hlavní autor: Nguyễn, Đình Hùng Hệ thống
Médium: Kniha
Jazyk:Vietnamese
Vydáno: Hà Nội Lao Động 2015
Témata:
Tagy: Přidat tag
Žádné tagy, Buďte první, kdo otaguje tento záznam!
Thư viện lưu trữ: Trung tâm Học liệu Lê Vũ Hùng, Trường Đại học Đồng Tháp
LEADER 01016aam a22002538a 4500
001 00034507
005 20171026081025.0
008 161003s2015 ||||||viesd
020 # # |c 350000  |a 9786045951279 
041 0 # |a vie 
082 1 4 |a 347.597  |b L504T 
100 1 # |a Nguyễn, Đình Hùng  |d Hệ thống 
245 1 0 |a Luật tố tụng hành chính luật tổ chức cơ quan điều tra hình sự, luật thi hành tạm giữ, tạm giam  |b Đã được thông qua tại kỳ họp thứ 10, Quốc hội khóa XIII  |c Nguyễn Đình Hùng (hệ thống) 
260 # # |a Hà Nội  |b Lao Động  |c 2015 
300 # # |c 28cm.  |a 415 tr. 
650 # 4 |a Pháp luật  |z Việt Nam 
653 # # |a Hình sự 
653 # # |a Luật tố tụng hành chính 
852 # # |b Kho đọc  |j KD.0017900 
852 # # |j KD.0017900 
910 |d 03/10/2016 
980 # # |a Trung tâm Học liệu Lê Vũ Hùng, Trường Đại học Đồng Tháp